Indiana College Mascots - Statistics

General Stats
  • This quiz has been taken 37 times
  • The average score is 20 of 46
Answer Stats
School Answer % Correct
Purdue University Boilermakers
96%
Butler University Bulldogs
91%
University of Notre Dame Fighting Irish
91%
Indiana University Hoosiers
91%
Ball State University Cardinals
87%
IUPUI Jaguars
87%
Indiana State University Sycamores
87%
Marian University Knights
74%
DePauw University Tigers
74%
University of Evansville Purple Aces
70%
University of Indianapolis Greyhounds
65%
Hanover College Panthers
61%
Indiana Wesleyan University Wildcats
61%
PU Fort Wayne Mastodons
57%
Franklin College Grizzlies
48%
Manchester University Spartans
48%
IU Kokomo Cougars
43%
University of St Francis Cougars
43%
University of Southern Indiana Screaming Eagles
43%
Taylor University Trojans
43%
Wabash College Little Giants
35%
IU Northwest RedHawks
35%
Holy Cross College Saints
35%
Vincennes University Trailblazers
35%
Indiana Institute of Technology Warriors
35%
Valparaiso University Beacons
30%
Anderson University Ravens
30%
IU South Bend Titans
30%
Ottawa University-Jeffersonville Braves
26%
Ancilla College-Marian Chargers
26%
Rose-Holman Institute of Technology Fightin' Engineers
22%
Huntington University Foresters
22%
IU Southeast Grenadiers
22%
Bethel University Pilots
22%
IU East Red Wolves
22%
St Mary's College Belles
17%
Calumet College of St Joseph Crimson Wave
17%
Goshen College Maple Leafs
17%
Oakland City University Mighty Oaks
17%
Earlham College Quakers
17%
Trine University Thunder
17%
IUPUC Crimson Pride
13%
Grace College Lancers
13%
St Mary-Of-The-Woods College Pomeroys
13%
PU Northwest Pride
13%
IU Fort Wayne Red Foxes
13%
No matching quizzes found
Score Distribution
Percent of People with Each Score
Percentile by Number Answered
Your Score History
You have not taken this quiz